|
|
|
|
| LEADER |
00000nam a2200000Ia 4500 |
| 008 |
180919b1997 mx ||||| |||| 00| | spa d |
| 999 |
|
|
|c 2429
|d 2429
|
| 090 |
|
|
|a CD # 17
|
| 110 |
|
|
|a Universidad de Colima. Centro Nacional Editor de Discos Compactos (CENEDIC)
|9 4267
|
| 245 |
1 |
0 |
|a Matemáticas segundo grado /
|c Centro Nacional Editor de Discos Compactos
|
| 260 |
|
|
|a México :
|b CENEDIC,
|c 1997
|
| 300 |
|
|
|a Disco Compacto,
|c 12 cm de diámetro
|
| 500 |
|
|
|a Contiene guía de usuario impresa
|
| 650 |
1 |
4 |
|a MATEMÁTICAS
|9 482
|
| 650 |
1 |
4 |
|a EDUCACIÓN PRIMARIA
|9 367
|
| 942 |
|
|
|i 001634
|h CD # 17
|2 z
|c 08
|